Ochrana hospodárskej súťaže a postavenie prirodzených monopolov v ekonomike Slovenskej republiky
Základné východiská ochrany hospodárskej súťaže. Legislatívna úprava hospodárskej súťaže v slovenskej ekonomike. Teória prirodzeného monopolu. Stav a charakteristika prirodzených monopolov SR. Energetika. Vodárne a kanalizácie. Telekomunikácie.
Salvato in:
| Autore principale: | |
|---|---|
| Natura: | Capitolo di libro |
| Lingua: | slovacco |
| Soggetti: | |
| Tags: |
Nessun Tag, puoi essere il primo ad aggiungerne!!
|
MARC
| LEADER | 00000naa a2200000 4500 | ||
|---|---|---|---|
| 001 | r017420 | ||
| 005 | 20240502071327.0 | ||
| 041 | 0 | |a slo | |
| 044 | |a SK | ||
| 245 | 1 | 0 | |a Ochrana hospodárskej súťaže a postavenie prirodzených monopolov v ekonomike Slovenskej republiky |c Helena Majdúchová |
| 520 | |a Základné východiská ochrany hospodárskej súťaže. Legislatívna úprava hospodárskej súťaže v slovenskej ekonomike. Teória prirodzeného monopolu. Stav a charakteristika prirodzených monopolov SR. Energetika. Vodárne a kanalizácie. Telekomunikácie. | ||
| 610 | 2 | 0 | |a súťaž hospodárska |
| 610 | 2 | 0 | |a monopoly |
| 610 | 2 | 0 | |a Slovensko |
| 610 | 2 | 0 | |a hospodárstvo trhové |
| 610 | 2 | 0 | |a súťaž nekalá |
| 610 | 2 | 0 | |a ceny |
| 610 | 2 | 0 | |a energetika |
| 610 | 2 | 0 | |a kanalizácia |
| 610 | 2 | 0 | |a vodovody |
| 610 | 2 | 0 | |a telekomunikácie |
| 100 | 1 | |a Majdúchová, Helena, 1963- | |